Pygmalion (Record no. 22748)

MARC details
000 -LEADER
fixed length control field 00701nam a22002177a 4500
003 - CONTROL NUMBER IDENTIFIER
control field OSt
005 - DATE AND TIME OF LATEST TRANSACTION
control field 20260521095318.0
008 - FIXED-LENGTH DATA ELEMENTS--GENERAL INFORMATION
fixed length control field 260521b |||||||| |||| 00| 0 eng d
020 ## - INTERNATIONAL STANDARD BOOK NUMBER
International Standard Book Number 0451524764
040 ## - CATALOGING SOURCE
Transcribing agency Chuka University Library
050 ## - LIBRARY OF CONGRESS CALL NUMBER
Classification number PR 5363 .P8 1994
100 ## - MAIN ENTRY--PERSONAL NAME
Personal name Shaw, Bernard George
9 (RLIN) 25535
245 ## - TITLE STATEMENT
Title Pygmalion
Remainder of title A romance In Five Acts And My Fair Lady Based On Shaw's Pygmalion
260 ## - PUBLICATION, DISTRIBUTION, ETC.
Place of publication, distribution, etc. New York
Name of publisher, distributor, etc. A Signet Classic Book,Penguin Group
Date of publication, distribution, etc. 1994
300 ## - PHYSICAL DESCRIPTION
Extent Various Paging
650 ## - SUBJECT ADDED ENTRY--TOPICAL TERM
Topical term or geographic name entry element Speech And Social Status-Drama
9 (RLIN) 26117
650 ## - SUBJECT ADDED ENTRY--TOPICAL TERM
Topical term or geographic name entry element Linguistics Teachers-Drama
9 (RLIN) 26118
700 ## - ADDED ENTRY--PERSONAL NAME
Personal name Alan Jay Lerner
9 (RLIN) 26119
700 ## - ADDED ENTRY--PERSONAL NAME
Personal name Frederick Loewe
9 (RLIN) 26120
942 ## - ADDED ENTRY ELEMENTS (KOHA)
Source of classification or shelving scheme Library of Congress Classification
Koha item type Long Loan Books
Suppress in OPAC No

No items available.

Powered by Koha